|
|
|
|
| LEADER |
01618nam a2200445 a 4500 |
| 001 |
000578592 |
| 003 |
CZ BrMZK |
| 005 |
20120831062423.0 |
| 007 |
ta |
| 008 |
011116s2001 xr c f cze d |
| 015 |
|
|
|a cnb001033260
|
| 020 |
|
|
|a 80-00-00952-8
|
| 035 |
|
|
|a (OCoLC)50343708
|
| 040 |
|
|
|a BOA001
|b cze
|
| 072 |
|
7 |
|a 57/59
|x Biologické vědy
|2 Konspekt
|9 2
|
| 072 |
|
7 |
|a 0/9-053.2
|x Literatura pro děti a mládež (naučná)
|2 Konspekt
|9 26
|
| 080 |
|
|
|a 57.081.1
|2 MRF
|
| 080 |
|
|
|a 582
|2 MRF
|
| 080 |
|
|
|a 592/599
|2 MRF
|
| 080 |
|
|
|a (0.062)
|2 MRF
|
| 080 |
|
|
|a (0.053.2)
|2 MRF
|
| 100 |
1 |
|
|a Dobroruková, Jana
|7 jx20050721030
|4 aut
|
| 245 |
1 |
0 |
|a Malá tajemství přírody /
|c Jana Dobroruková, Luděk J. Dobroruka ; ilustrace Petr Rob
|
| 250 |
|
|
|a 2., přeprac. vyd.
|
| 260 |
|
|
|a Praha :
|b Albatros,
|c 2001
|
| 300 |
|
|
|a 175 s. :
|b barev. il. ;
|c 30 cm
|
| 490 |
1 |
|
|a Klub mladých čtenářů
|
| 504 |
|
|
|a Obsahuje bibliografii a rejstřík
|
| 521 |
8 |
|
|a Pro čtenáře od 9 let
|
| 650 |
0 |
7 |
|a pozorování přírody
|7 ph124478
|2 czenas
|
| 650 |
0 |
7 |
|a rostliny
|7 ph116070
|2 czenas
|
| 650 |
0 |
7 |
|a živočichové
|7 ph136485
|2 czenas
|
| 655 |
|
7 |
|a populárně-naučné publikace
|7 fd131864
|2 czenas
|
| 655 |
|
7 |
|a publikace pro děti
|7 fd133156
|2 czenas
|
| 700 |
1 |
|
|a Rob, Petr,
|d 1948-
|7 jx20040720002
|4 ill
|
| 700 |
1 |
|
|a Dobroruka, Luděk J.
|q (Luděk Jindřich),
|d 1933-2004
|7 jn19981000690
|4 aut
|
| 830 |
|
0 |
|a Klub mladých čtenářů (Albatros)
|0 s
|
| 910 |
|
|
|a BOA001
|b 3-1093.248
|
| 990 |
|
|
|a BK
|
| 996 |
6 |
|
|b 2610148001
|c 3-1093.248
|l MZK
|r Sklad / do 1 hodiny
|n 2
|p p.v.
|w 000578592
|u 000010
|a 1
|e BOA001
|j MZK50
|s P
|